[Event "Guernsey Holiday"]
[Site "GCI"]
[Date "2005.10.22"]
[Round "7"]
[White "Haisma, Henk"]
[Black "Dokter, Marike"]
[Result "1/2-1/2"]
[WhiteElo "1654"]
[BlackElo "1416"]
[PlyCount "74"]
[EventDate "2005.10.16"]

1. b4 d6 2. Bb2 e5 3. e3 Nf6 4. Nf3 Be7 5. d3 O-O 6. Nbd2 Nbd7 7. a3 Nb6 8. c4
Bf5 9. e4 Be6 10. Be2 Nbd7 11. O-O a5 12. Qc2 c6 13. Rfc1 Ng4 14. h3 Ngf6 15.
Ng5 Qb6 16. Nxe6 fxe6 17. Bc3 axb4 18. axb4 Rxa1 19. Rxa1 Ne8 20. Nf3 Nc7 21.
Qb2 Na6 22. d4 exd4 23. Bxd4 Qxb4 24. Bxg7 Qxb2 25. Bxb2 Bf6 26. Bxf6 Nxf6 27.
Rd1 Nxe4 28. Rd4 Nac5 29. Kf1 d5 30. cxd5 exd5 31. Bd1 Ra8 32. Bc2 Ra1+ 33. Ne1
Ra2 34. Kg1 Ra1 35. Kf1 b5 36. Ke2 Nc3+ 37. Kf1 N5e4 1/2-1/2

[Event "Guernsey Holiday"]
[Site "GCI"]
[Date "2005.10.22"]
[Round "7"]
[White "Palmer, Eric"]
[Black "Collier, Michael J"]
[Result "1/2-1/2"]
[WhiteElo "1555"]
[BlackElo "1521"]
[PlyCount "29"]
[EventDate "2005.10.16"]

1. e4 c5 2. Nc3 d6 3. f4 g6 4. Nf3 Bg7 5. Bb5+ Bd7 6. Bxd7+ Qxd7 7. O-O Nc6 8.
d3 Nf6 9. Nd5 O-O 10. Nxf6+ Bxf6 11. c3 b5 12. Qe1 b4 13. Bd2 Rab8 14. Rb1 Qb7
15. e5 1/2-1/2

[Event "Guernsey Holiday"]
[Site "GCI"]
[Date "2005.10.22"]
[Round "7"]
[White "Hearty, Ray"]
[Black "Boogaard, Leen"]
[Result "1/2-1/2"]
[WhiteElo "1479"]
[BlackElo "1570"]
[PlyCount "46"]
[EventDate "2005.10.16"]

1. d4 d5 2. e3 Nf6 3. f4 e6 4. Bd3 b6 5. Nf3 Nbd7 6. c3 c6 7. Nbd2 g6 8. O-O
Bb7 9. Qe1 Be7 10. Ne5 Rf8 11. Rf3 Nxe5 12. fxe5 Ng8 13. Rh3 h6 14. Nf3 Kd7 15.
e4 g5 16. Qg3 c5 17. exd5 Bxd5 18. Be3 Kc7 19. Bh7 Bxf3 20. Qxf3 f5 21. g4 f4
22. Bf2 Rb8 23. Rd1 Qd5 1/2-1/2

[Event "Guernsey Holiday"]
[Site "GCI"]
[Date "2005.10.22"]
[Round "7"]
[White "Van Rooijen, Gerardus C"]
[Black "Cox, Reginald E"]
[Result "1/2-1/2"]
[WhiteElo "1560"]
[BlackElo "1120"]
[PlyCount "52"]
[EventDate "2005.10.16"]

1. d4 d5 2. c4 c6 3. Nc3 Nf6 4. Bg5 e6 5. e3 Be7 6. cxd5 cxd5 7. Bd3 h6 8. Bh4
Nc6 9. Bg3 Bd6 10. Nge2 Bxg3 11. Nxg3 a6 12. a3 O-O 13. O-O b5 14. b4 Re8 15.
Rc1 Bb7 16. Nce2 Rc8 17. Qb3 Ne7 18. Rc5 Rc6 19. Rfc1 Nd7 20. Rxc6 Nxc6 21. a4
Qe7 22. Rb1 Na7 23. Rc1 Rc8 24. Rxc8+ Bxc8 25. axb5 axb5 26. Qc3 Nb6 1/2-1/2

[Event "Guernsey Holiday"]
[Site "GCI"]
[Date "2005.10.22"]
[Round "7"]
[White "Newrick, William R"]
[Black "Harnden, Terry"]
[Result "0-1"]
[WhiteElo "1400"]
[BlackElo "1505"]
[PlyCount "134"]
[EventDate "2005.10.16"]

1. d4 Nf6 2. c4 e6 3. Nc3 Bb4 4. a3 Bxc3+ 5. bxc3 h6 6. Nf3 c5 7. e3 b6 8. Be2
Ba6 9. O-O O-O 10. Qc2 d5 11. cxd5 Bxe2 12. Qxe2 Qxd5 13. c4 Qh5 14. Qc2 Nbd7
15. Bb2 Rac8 16. Ne5 Nxe5 17. dxe5 Ng4 18. h3 Nxe5 19. f4 Nd7 20. Rf3 Qg6 21.
Qf2 Nf6 22. Rg3 Qf5 23. e4 Qxe4 24. Bxf6 g6 25. Rc1 Qf5 26. Bb2 Rcd8 27. Qe3
Qh5 28. Qe5 Qxe5 29. Bxe5 Kh7 30. Re3 Rfe8 31. g4 Rd2 32. Bf6 Kg8 33. f5 g5 34.
h4 gxh4 35. Bxh4 Rd4 36. f6 Kh7 37. Kh2 Rxg4 38. Kh3 Reg8 39. Rg3 Re4 40. Rxg8
Kxg8 41. a4 Re3+ 42. Kg4 Kh7 43. Kf4 Rd3 44. Ke5 Rh3 45. Bf2 Ra3 46. Kd6 Rf3
47. Bh4 Kg6 48. Ke7 Rf4 49. Rg1+ Kf5 50. Bg3 Rd4 51. Rf1+ Kg6 52. Bd6 Rg4 53.
Bb8 a6 54. Bf4 h5 55. Rf3 h4 56. Bc7 Rxc4 57. Re3 b5 58. Rxe6 bxa4 59. Rxa6
Re4+ 60. Kf8 h3 61. Bh2 Re2 62. Rxa4 Rxh2 63. Rg4+ Kxf6 64. Rf4+ Ke6 65. Rxf7
Kd5 66. Rf3 Kd4 67. Rf4+ Kc3 0-1

[Event "Guernsey Holiday"]
[Site "GCI"]
[Date "2005.10.22"]
[Round "7"]
[White "Holcombe, Charles"]
[Black "Van Beek, Ronald"]
[Result "1-0"]
[WhiteElo "1368"]
[BlackElo "1375"]
[PlyCount "71"]
[EventDate "2005.10.16"]

1. d4 d5 2. Nf3 Nf6 3. Bg5 e6 4. h3 Be7 5. Nbd2 Nbd7 6. e3 a6 7. c4 c5 8. Bd3
Nb6 9. b3 O-O 10. Bc2 Nfd7 11. h4 cxd4 12. exd4 Nf6 13. c5 Nbd7 14. Qb1 g6 15.
Bh6 Re8 16. Bf4 Nh5 17. Bg5 f5 18. b4 Bf6 19. Bxf6 Qxf6 20. Qb3 Kf8 21. Ng5 Qg7
22. Ndf3 Nb8 23. Kf1 Bd7 24. a4 Nc6 25. Rd1 Reb8 26. g3 h6 27. Kg2 Nf6 28. Rhe1
hxg5 29. Nxg5 Re8 30. Re2 Ne4 31. Nxe4 Nxd4 32. Rxd4 Qxd4 33. Nd6 Reb8 34. Qb1
Ke7 35. Bxf5 gxf5 36. Nxf5+ 1-0

[Event "Guernsey Holiday"]
[Site "GCI"]
[Date "2005.10.22"]
[Round "7"]
[White "Nalichowski, Bogdan"]
[Black "Brown, Jim"]
[Result "1-0"]
[WhiteElo "1480"]
[BlackElo "1192"]
[PlyCount "99"]
[EventDate "2005.10.16"]

1. e4 d6 2. Bc4 e6 3. f4 Be7 4. Nf3 Nd7 5. c3 c6 6. O-O Ngf6 7. d3 O-O 8. f5
Nb6 9. Bb3 h6 10. a4 exf5 11. a5 Nbd7 12. Nh4 Kh8 13. Nxf5 Nc5 14. Bc4 Be6 15.
b4 Bxc4 16. bxc5 Be6 17. cxd6 Bxd6 18. Qe2 Bc7 19. e5 Ng8 20. d4 Qd7 21. Qe4
Qd5 22. Qh4 Qd8 23. Qg3 g6 24. Bxh6 Nxh6 25. Nxh6 Kg7 26. Nf5+ Bxf5 27. Rxf5
Rh8 28. Rf6 Qe7 29. Nd2 Raf8 30. a6 b5 31. Rxc6 Rh6 32. Rf1 Rh7 33. Rff6 Rh6
34. Qg5 Bd8 35. Qg4 Qe8 36. Rfd6 Be7 37. Rd7 Rh4 38. Rxe7 Qxe7 39. Qf3 Rh5 40.
Nf1 Rf5 41. Qg3 Qg5 42. Qxg5 Rxg5 43. Rc7 Ra8 44. e6 Kf8 45. Rxf7+ Ke8 46. Ne3
b4 47. cxb4 Rb5 48. d5 Rb6 49. Ng4 Rbb8 50. d6 1-0

[Event "Guernsey Holiday"]
[Site "GCI"]
[Date "2005.10.22"]
[Round "7"]
[White "Stoop, Michael"]
[Black "Woodward, Pauline"]
[Result "0-1"]
[WhiteElo "1208"]
[BlackElo "1296"]
[PlyCount "44"]
[EventDate "2005.10.16"]

1. d4 Nf6 2. Nf3 d6 3. e3 g6 4. Nc3 Bg7 5. e4 O-O 6. Be3 Bd7 7. Qd2 Ng4 8. Bg5
h6 9. Bh4 Nc6 10. h3 Nf6 11. g4 d5 12. Bxf6 exf6 13. Nxd5 Re8 14. O-O-O Ne7 15.
Nxe7+ Qxe7 16. Bd3 c6 17. Rhe1 Qd8 18. Nh4 Be6 19. f4 Qxd4 20. f5 Bxa2 21. fxg6
f5 22. Nxf5 Qxb2# 0-1

[Event "Guernsey Open"]
[Site "GCI"]
[Date "2005.10.16"]
[Round "1"]
[White "Burton, Ronnie"]
[Black "Hillarp Persson, Tiger"]
[Result "0-1"]
[WhiteElo "2044"]
[BlackElo "2534"]
[PlyCount "60"]
[EventDate "2005.10.16"]

1. e4 g6 2. d4 Bg7 3. Nc3 d6 4. Nf3 a6 5. Be2 b5 6. a4 b4 7. Nb1 Bb7 8. Nbd2
Nd7 9. O-O e6 10. Re1 Ne7 11. c3 a5 12. Bb5 O-O 13. Qe2 c6 14. Bd3 d5 15. e5 c5
16. cxb4 c4 17. Bc2 axb4 18. b3 c3 19. Nf1 Nc6 20. Bf4 Qb6 21. Qe3 f6 22. exf6
Rxf6 23. Bg5 Rxf3 24. Qxf3 Nxd4 25. Qd1 Nxc2 26. Qxc2 d4 27. Ng3 Nc5 28. Be7 d3
29. Qd1 Qc6 30. f3 c2 0-1

[Event "Guernsey Open"]
[Site "GCI"]
[Date "2005.10.16"]
[Round "1"]
[White "Bellin, Robert"]
[Black "Borland, Tom"]
[Result "1-0"]
[WhiteElo "2374"]
[BlackElo "2042"]
[PlyCount "51"]
[EventDate "2005.10.16"]

1. e4 e5 2. Nf3 Nf6 3. Nxe5 d6 4. Nf3 Nxe4 5. Nc3 Nxc3 6. dxc3 Nc6 7. Bf4 Be7
8. Qd2 Bf5 9. O-O-O O-O 10. Be2 Bf6 11. Rhg1 Ne5 12. Nd4 Bg6 13. g4 c6 14. Be3
Be4 15. g5 Be7 16. f4 c5 17. fxe5 cxd4 18. Qxd4 d5 19. Bd3 b6 20. Bxe4 dxe4 21.
Qxe4 Qc7 22. e6 f5 23. gxf6 Bxf6 24. Bf4 Qc5 25. Bd6 Bg5+ 26. Kb1 1-0

[Event "Guernsey Open"]
[Site "GCI"]
[Date "2005.10.16"]
[Round "1"]
[White "Murray, John Steven"]
[Black "Roberts, Paul"]
[Result "1/2-1/2"]
[WhiteElo "2031"]
[BlackElo "2201"]
[PlyCount "82"]
[EventDate "2005.10.16"]

1. e4 d6 2. d4 Nf6 3. Nc3 e5 4. dxe5 dxe5 5. Qxd8+ Kxd8 6. Bg5 Be6 7. Bd3 Nbd7
8. Nge2 h6 9. Bh4 g5 10. Bg3 Bb4 11. a3 Bxc3+ 12. Nxc3 c6 13. f3 Ke7 14. O-O-O
Ne8 15. Rd2 Nc7 16. Rhd1 Rad8 17. Bf2 b6 18. Bf1 Nb8 19. Rxd8 Rxd8 20. Rxd8
Kxd8 21. b3 Ke7 22. h4 f6 23. hxg5 hxg5 24. g4 c5 25. Nb5 Nxb5 26. Bxb5 Kd6 27.
Kb2 a6 28. Be2 Bd7 29. b4 Bb5 30. Bxb5 axb5 31. c3 {(=)} Kc6 32. Kb3 Nd7 33. c4
bxc4+ 34. Kxc4 b5+ 35. Kc3 cxb4+ 36. axb4 Nf8 37. Kd3 Ne6 38. Bg1 Kd6 39. Ba7
Ke7 40. Bg1 Kf7 41. Bb6 Nf4+ 1/2-1/2

[Event "Guernsey Open"]
[Site "GCI"]
[Date "2005.10.16"]
[Round "1"]
[White "Havenaar, Jan"]
[Black "Jamieson, Ian"]
[Result "1-0"]
[WhiteElo "2195"]
[BlackElo "2026"]
[PlyCount "65"]
[EventDate "2005.10.16"]

1. Nc3 e6 2. e4 d5 3. Nf3 Nf6 4. e5 Nfd7 5. d4 c5 6. Ne2 b5 7. c3 Nc6 8. a3 a5
9. Be3 c4 10. h4 Nb6 11. h5 b4 12. h6 b3 13. hxg7 Bxg7 14. Bh6 Bxh6 15. Rxh6
Kd7 16. Qd2 Na4 17. Ng3 Kc7 18. Ng5 Qg8 19. O-O-O Kb6 20. Nh5 Na7 21. Nf6 Qg7
22. Ngxh7 Nb5 23. Rh3 Rb8 24. Rg3 Rxh7 25. Rxg7 Rxg7 26. Qh6 Rg6 27. Qf8 Rxf6
28. exf6 e5 29. dxe5 Nbxc3 30. Qd6+ Ka7 31. Rxd5 Na2+ 32. Kd2 c3+ 33. bxc3 1-0

[Event "Guernsey Open"]
[Site "GCI"]
[Date "2005.10.16"]
[Round "1"]
[White "Heath, Jeffrey"]
[Black "Goater, Kevin P"]
[Result "0-1"]
[WhiteElo "2019"]
[BlackElo "2178"]
[PlyCount "98"]
[EventDate "2005.10.16"]

1. e4 e5 2. Bc4 d6 3. Nc3 c6 4. d3 f5 5. Nf3 f4 6. d4 Qf6 7. dxe5 dxe5 8. Qe2
Bg4 9. Bd2 Nd7 10. h3 Bh5 11. Rf1 g5 12. g4 Bg6 13. O-O-O O-O-O 14. Kb1 h6 15.
a3 Bd6 16. Na2 Ne7 17. Bc3 Rhf8 18. Nc1 c5 19. Bb5 Bf7 20. Nd2 Nb6 21. f3 Kb8
22. Ba5 Bc7 23. Nc4 Bxc4 24. Bxc4 Nc6 25. Bc3 Nd4 26. Bxd4 cxd4 27. Bb3 Qc6 28.
Nd3 a5 29. Rc1 Qb5 30. Nxf4 d3 31. Nxd3 a4 32. Ba2 Qa6 33. c4 Nd7 34. Nb4 Qg6
35. Nd5 Bd6 36. Qd2 Nc5 37. Qa5 Na6 38. Qc3 Nc5 39. Qc2 Ne6 40. Qd1 Nd4 41. Nc3
Bc5 42. Nd5 Rd7 43. Rc3 Rdf7 44. Rd3 Ne6 45. Qxa4 Bd4 46. Qd1 Nf4 47. b4 Nxd3
48. Qxd3 h5 49. c5 hxg4 $138 0-1

[Event "Guernsey Open"]
[Site "GCI"]
[Date "2005.10.16"]
[Round "1"]
[White "Lock, Gavin R"]
[Black "Spanton, Timothy"]
[Result "1-0"]
[WhiteElo "2178"]
[BlackElo "2018"]
[PlyCount "68"]
[EventDate "2005.10.16"]

1. Nf3 c5 2. c4 Nc6 3. Nc3 g6 4. g3 Bg7 5. Bg2 d6 6. O-O a6 7. e3 Bg4 8. h3
Bxf3 9. Bxf3 Nh6 10. b3 O-O 11. Bb2 Qd7 12. Bg2 b5 13. d3 b4 14. Bxc6 Qxc6 15.
Nd5 Qd7 16. Bxg7 Kxg7 17. g4 Rad8 18. e4 e6 19. Ne3 f6 20. f4 Qe7 21. Qd2 a5
22. Rae1 Qd7 23. f5 e5 24. fxg6 hxg6 25. Nd5 Ng8 26. Qf2 Ne7 27. Nxf6 Qe6 28.
g5 Qxh3 29. Re3 Qe6 30. Rf3 Rh8 31. Qg3 Rdf8 32. Ng4 Rxf3 33. Qxf3 Nc6 34. Nh6
Rxh6 1-0

[Event "Guernsey Open"]
[Site "GCI"]
[Date "2005.10.16"]
[Round "1"]
[White "Taylor, Mark V"]
[Black "Nicholson, John"]
[Result "1-0"]
[WhiteElo "2135"]
[BlackElo "2000"]
[PlyCount "43"]
[EventDate "2005.10.16"]

1. d4 d5 2. Nc3 Nf6 3. Bg5 Nbd7 4. e3 g6 5. Be2 Bg7 6. Nf3 O-O 7. O-O c6 8. a4
Ne4 9. Nxe4 dxe4 10. Nd2 f5 11. Bc4+ Kh8 12. f3 exf3 13. Qxf3 Nf6 14. c3 Re8
15. Rad1 Qb6 16. b4 a5 17. Bf7 Rf8 18. Nc4 Qc7 19. Bf4 Qd8 20. Ne5 axb4 21.
Nxg6+ hxg6 22. Qh3+ 1-0

[Event "Guernsey Open"]
[Site "GCI"]
[Date "2005.10.16"]
[Round "1"]
[White "Taylor, Robert P"]
[Black "Thurlow, Kevin J"]
[Result "0-1"]
[WhiteElo "1995"]
[BlackElo "2124"]
[PlyCount "48"]
[EventDate "2005.10.16"]

1. d4 Nf6 2. Nf3 e6 3. Bg5 b6 4. e3 Bb7 5. Bd3 h6 6. Bh4 Be7 7. O-O d6 8. Nbd2
Nbd7 9. c4 c5 10. Rc1 O-O 11. b3 d5 12. Qe2 Ne4 13. Bxe7 Qxe7 14. Rfd1 Rac8 15.
cxd5 exd5 16. Ba6 Ndf6 17. Rc2 cxd4 18. Rxc8 Rxc8 19. Bxb7 Qxb7 20. Nxe4 Nxe4
21. Rxd4 Rc1+ 22. Ne1 Nc3 23. Qd2 Qa6 24. Kh1 Qf1# 0-1

[Event "Guernsey Open"]
[Site "GCI"]
[Date "2005.10.16"]
[Round "1"]
[White "Edwards, L Alan"]
[Black "Horton Kitchlew, Andrew"]
[Result "0-1"]
[WhiteElo "1984"]
[BlackElo "2121"]
[PlyCount "116"]
[EventDate "2005.10.16"]

1. e4 d6 2. d4 Nf6 3. Nc3 g6 4. Nf3 Bg7 5. Be2 O-O 6. O-O c6 7. Re1 Bg4 8. h3
Bxf3 9. Bxf3 e5 10. Be3 Qc7 11. g3 Nbd7 12. Bg2 b5 13. a4 b4 14. Nb1 Rab8 15.
Nd2 Rfe8 16. Nc4 exd4 17. Bxd4 c5 18. Bxf6 Bxf6 19. Nxd6 Red8 20. Nc4 Nb6 21.
Qe2 Nxc4 22. Qxc4 Bxb2 23. Rad1 Rxd1 24. Rxd1 Bg7 25. Rd5 Rc8 26. h4 Bd4 27.
Kf1 Qc6 28. Bh3 Rc7 29. a5 Qa4 30. e5 Re7 31. Rd8+ Kg7 32. e6 Qa1+ 33. Kg2 Qe1
34. Rxd4 cxd4 35. Qxd4+ f6 36. Qd6 Qe4+ 37. Kh2 Qb7 38. Bg2 Qc7 39. Qxb4 Rxe6
40. c4 Ra6 41. c5 Rxa5 42. c6 Ra2 43. Qd4 a5 44. Bd5 Rc2 45. Kg1 Qe5 46. Qa7+
Kh6 47. Qxa5 Rc1+ 48. Kh2 Qd4 49. Bg2 Qxf2 50. Qd5 Rc2 51. Qe4 f5 52. Qd5 Rd2
53. c7 Rxd5 54. c8=Q Rd2 55. Qa8 f4 56. Qf8+ Kh5 57. g4+ Kxg4 58. Qc8+ Kh5 0-1

[Event "Guernsey Open"]
[Site "GCI"]
[Date "2005.10.16"]
[Round "1"]
[White "Gravett, Alan D"]
[Black "Goris, Ton"]
[Result "1/2-1/2"]
[WhiteElo "1975"]
[BlackElo "2108"]
[PlyCount "80"]
[EventDate "2005.10.16"]

1. Nf3 Nf6 2. b4 e6 3. b5 c6 4. a4 a6 5. Ba3 Bxa3 6. Nxa3 O-O 7. e3 d5 8. c4
Nbd7 9. Qc2 Qe7 10. bxc6 bxc6 11. Be2 e5 12. cxd5 cxd5 13. Qc7 Rb8 14. O-O Bb7
15. Rfb1 Rfc8 16. Rxb7 Rxc7 17. Rxc7 Qd6 18. Rc3 Ne4 19. Rc2 Nec5 20. d4 Nb3
21. Raa2 e4 22. Ne5 Nxe5 23. dxe5 Qb6 24. Rc3 d4 25. exd4 Nxd4 26. Bf1 g6 27.
Nc4 Qb4 28. Rc1 Rc8 29. a5 Nb3 30. Rb2 Rb8 31. Rcb1 Qc3 32. Nd2 Nxd2 33. Rxb8+
Kg7 34. Rd1 Nxf1 35. Rxf1 Qxa5 36. e6 Qe5 37. Rb6 fxe6 38. Rxa6 e3 39. fxe3
Qxe3+ 40. Rf2 Qe1+ 1/2-1/2

[Event "Guernsey Open"]
[Site "GCI"]
[Date "2005.10.16"]
[Round "1"]
[White "Hensbergen, Willem"]
[Black "Morcom, Huw"]
[Result "1/2-1/2"]
[WhiteElo "2106"]
[BlackElo "1965"]
[PlyCount "74"]
[EventDate "2005.10.16"]

1. d4 g6 2. c4 Bg7 3. e4 c5 4. d5 d6 5. Nc3 Na6 6. f4 Nc7 7. Nf3 Nf6 8. Bd3 O-O
9. O-O Rb8 10. Qe1 e6 11. dxe6 fxe6 12. Qh4 Nh5 13. f5 Bd4+ 14. Kh1 Qxh4 15.
Nxh4 gxf5 16. exf5 Bf6 17. g3 b5 18. Bh6 Bb7+ 19. Ng2 bxc4 20. Bxf8 Bxg2+ 21.
Kxg2 Rxb2+ 22. Kh3 cxd3 23. Bxd6 Ne8 24. Ne4 Nxd6 25. Nxd6 Rb6 26. Nc4 Bxa1 27.
Nxb6 axb6 28. Rxa1 exf5 29. Rc1 Nf6 30. Kg2 d2 31. Rd1 Ne4 32. Kf3 c4 33. Ke3
c3 34. Kd3 Kf7 35. Rf1 Ke6 36. Kc2 Ke5 37. Rf4 h5 1/2-1/2

[Event "Guernsey Open"]
[Site "GCI"]
[Date "2005.10.16"]
[Round "1"]
[White "Vorstermans, Peter"]
[Black "Von Saldern, Rudiger"]
[Result "0-1"]
[WhiteElo "1934"]
[BlackElo "2091"]
[PlyCount "100"]
[EventDate "2005.10.16"]

1. e4 e5 2. Nf3 Nc6 3. Bc4 Bc5 4. c3 Qe7 5. O-O d6 6. d4 Bb6 7. Bg5 Nf6 8. d5
Nb8 9. Qe2 O-O 10. Nbd2 Bg4 11. a4 a5 12. Be3 Nbd7 13. Bxb6 Nxb6 14. Bd3 Nh5
15. Qe3 Nf4 16. Ne1 f5 17. f3 Bh5 18. Bc2 Qg5 19. Kh1 Qf6 20. c4 fxe4 21. Nxe4
Qe7 22. b3 Bg6 23. Ng3 Nd7 24. Bxg6 hxg6 25. Nd3 b6 26. Rad1 Qg5 27. Rf2 Nc5
28. Nc1 Qh6 29. Ne4 Rf5 30. g3 Nh3 31. Rff1 g5 32. Nxc5 bxc5 33. Kg2 Raf8 34.
Nd3 Qh7 35. Qe4 g4 36. fxg4 Ng5 37. Qxf5 Rxf5 38. gxf5 Qh3+ 39. Kg1 Qg4 40. Kg2
Qd4 41. Nf2 Qc3 42. h4 Nh7 43. Rb1 Nf6 44. g4 Qc2 45. g5 Nh5 46. f6 gxf6 47.
Kh3 Qf5+ 48. Ng4 Qd3+ 49. Kh2 Qg3+ 50. Kh1 Qxg4 0-1

[Event "Guernsey Open"]
[Site "GCI"]
[Date "2005.10.16"]
[Round "1"]
[White "Westerkamp, Bert"]
[Black "Cummins, John"]
[Result "1-0"]
[WhiteElo "2085"]
[BlackElo "1921"]
[PlyCount "81"]
[EventDate "2005.10.16"]

1. Nf3 Nf6 2. d4 g6 3. Bg5 Bg7 4. c3 d5 5. e3 Nbd7 6. Nbd2 c6 7. Bd3 b6 8. O-O
O-O 9. e4 dxe4 10. Nxe4 Bb7 11. Re1 Re8 12. c4 Qc7 13. Rc1 c5 14. d5 Nxe4 15.
Bxe4 Bxb2 16. Rc2 Bg7 17. Rce2 Nf6 18. d6 exd6 19. Bxb7 Rxe2 20. Bxa8 Rxe1+ 21.
Qxe1 Qc8 22. Bxf6 Bxf6 23. Bd5 Qd7 24. h3 Kg7 25. Qe4 h6 26. h4 Qd8 27. h5 Qd7
28. hxg6 fxg6 29. Nh4 Bxh4 30. Qxh4 g5 31. Qg3 Qe7 32. Qc3+ Qf6 33. Qe3 Kf8 34.
a4 Qa1+ 35. Kh2 Qe5+ 36. Qxe5 dxe5 37. Kg3 Ke7 38. Kg4 Kf6 39. f3 h5+ 40. Kxh5
Kf5 41. g4+ 1-0

[Event "Guernsey Open"]
[Site "GCI"]
[Date "2005.10.16"]
[Round "1"]
[White "Rowe, Peter"]
[Black "Goris Schouwstra, Adry"]
[Result "1/2-1/2"]
[WhiteElo "2071"]
[BlackElo "1916"]
[PlyCount "65"]
[EventDate "2005.10.16"]

1. d4 d5 2. Nf3 Nf6 3. Bf4 h6 4. h3 Bf5 5. e3 e6 6. Ne5 Bd6 7. Bd3 Bxd3 8. Qxd3
O-O 9. Nd2 Nh5 10. g4 Nxf4 11. exf4 c5 12. c3 cxd4 13. cxd4 Nc6 14. a3 Qb6 15.
Ndf3 Qa5+ 16. Ke2 f6 17. b4 Qc7 18. Rac1 fxe5 19. fxe5 Bxb4 20. axb4 Qf7 21. b5
Na5 22. h4 Rac8 23. Rxc8 Rxc8 24. Nd2 Rf8 25. f3 Nc4 26. Rf1 Nxd2 27. Qxd2 Rc8
28. Rc1 Qd7 29. Rxc8+ Qxc8 30. Qa5 Qc2+ 31. Ke3 Qc1+ 32. Ke2 Qc2+ 33. Ke3
1/2-1/2

[Event "Guernsey Open"]
[Site "GCI"]
[Date "2005.10.16"]
[Round "1"]
[White "Van Randen, Fred"]
[Black "Barnard, Paul E"]
[Result "1-0"]
[WhiteElo "1869"]
[BlackElo "2066"]
[PlyCount "27"]
[EventDate "2005.10.16"]

1. e4 d5 2. Nc3 d4 3. Nce2 e5 4. Ng3 c5 5. Bc4 Nf6 6. Nf3 Bd6 7. d3 h6 8. O-O
O-O 9. Nh4 Nc6 10. Nhf5 Ne7 11. Nxd6 Qxd6 12. f4 Bg4 13. Qe1 exf4 14. e5 1-0

[Event "Guernsey Open"]
[Site "GCI"]
[Date "2005.10.16"]
[Round "1"]
[White "Ippel, Cok"]
[Black "Twitchell, David T"]
[Result "0-1"]
[WhiteElo "2064"]
[BlackElo "1824"]
[PlyCount "74"]
[EventDate "2005.10.16"]

1. Nc3 Nc6 2. Nf3 g6 3. e4 d6 4. Bc4 Bg7 5. d4 Nf6 6. h3 O-O 7. O-O Nd7 8. a3
e5 9. d5 Ne7 10. Be3 f5 11. Ng5 Nf6 12. f4 Nxe4 13. fxe5 Bxe5 14. Ncxe4 fxe4
15. Bd4 Nf5 16. Bxe5 Qxg5 17. Bf4 Qe7 18. g4 Nh4 19. Qe2 g5 20. Bg3 Nf3+ 21.
Kg2 h5 22. gxh5 g4 23. h4 Bf5 24. Qe3 Qf6 25. c3 Rae8 26. Be2 Re7 27. Qf4 Rh7
28. Bxf3 gxf3+ 29. Kf2 Rxh5 30. Rg1 Kh7 31. Ke3 Qf7 32. Rad1 Qe8 33. Bf2 Bg6
34. Qg3 Rf6 35. Rd4 Qb5 36. c4 Qb3+ 37. Kd2 e3+ 0-1

[Event "Guernsey Open"]
[Site "GCI"]
[Date "2005.10.16"]
[Round "1"]
[White "Downey, Keith"]
[Black "Morton, Peter S"]
[Result "0-1"]
[WhiteElo "1821"]
[BlackElo "2061"]
[PlyCount "82"]
[EventDate "2005.10.16"]

1. c4 e5 2. g3 g6 3. d4 Bg7 4. dxe5 Bxe5 5. Nf3 Bg7 6. Bg2 Ne7 7. Nc3 d6 8. O-O
O-O 9. Bg5 Nbc6 10. Qd2 f6 11. Bh6 Be6 12. Bxg7 Kxg7 13. Nd5 Bf7 14. Rfd1 Rb8
15. Qc3 Ng8 16. Ng5 Ne5 17. Nxf7 Nxf7 18. Rac1 c6 19. Nf4 Qe7 20. Rd2 Rfe8 21.
Rcd1 Rbd8 22. h4 Kf8 23. Bh3 f5 24. Bg2 Nf6 25. f3 Ne5 26. c5 d5 27. b4 Nc4 28.
Rd3 Ne3 29. Rb1 Nxg2 30. Kxg2 Kf7 31. a4 h6 32. Re1 Rd7 33. Kf2 g5 34. hxg5
hxg5 35. Nh3 Kg6 36. Rh1 Qxe2+ 37. Kg1 Rde7 38. Rh2 Qe1+ 39. Qxe1 Rxe1+ 40. Kg2
R8e2+ 41. Nf2 Rb1 0-1

[Event "Guernsey Open"]
[Site "GCI"]
[Date "2005.10.16"]
[Round "1"]
[White "Wismayer, Clive R"]
[Black "Carpenter, Paul"]
[Result "1-0"]
[WhiteElo "2056"]
[BlackElo "1816"]
[PlyCount "133"]
[EventDate "2005.10.16"]

1. Nf3 d5 2. c4 e6 3. g3 Nf6 4. Bg2 Bd6 5. O-O Nbd7 6. b3 O-O 7. Nc3 c6 8. Bb2
Re8 9. Rc1 Qe7 10. Qc2 a6 11. d4 b6 12. Rfe1 Bb7 13. e4 dxe4 14. Nxe4 Ba3 15.
Bxa3 Qxa3 16. Ne5 Nxe5 17. dxe5 Nxe4 18. Bxe4 g6 19. h4 Qe7 20. c5 bxc5 21.
Qxc5 Qxc5 22. Rxc5 Rab8 23. Kg2 Red8 24. Kf3 Kg7 25. Ke3 Rd7 26. Rec1 Kf8 27.
a3 Rbd8 28. R1c4 Kg7 29. Rb4 h6 30. a4 f5 31. exf6+ Kxf6 32. a5 Rc7 33. Rd4
Rxd4 34. Kxd4 e5+ 35. Kc3 g5 36. hxg5+ hxg5 37. g4 Ke6 38. f3 Kd6 39. Kb4 Bc8
40. Rc2 Be6 {(=)} 41. Rd2+ Bd5 42. Kc3 Rc8 43. Rh2 Bxe4 44. fxe4 Rf8 45. Kc4
Rf4 46. Rh6+ Kc7 47. Kc5 Rxe4 48. Rxc6+ Kb7 49. Rb6+ Ka7 50. Re6 Re3 51. b4
Rc3+ 52. Kd5 Rb3 53. Re7+ Kb8 54. Kxe5 Rxb4 55. Kf5 Rb5+ 56. Re5 Kb7 57. Kf6
Rxe5 58. Kxe5 Kc6 59. Kf5 Kb5 60. Kxg5 Kxa5 61. Kf4 Kb4 62. g5 a5 63. g6 a4 64.
g7 Kb3 65. g8=Q+ Kb2 66. Qb8+ Ka2 67. Qb4 1-0

[Event "Guernsey Open"]
[Site "GCI"]
[Date "2005.10.16"]
[Round "1"]
[White "Ruigrok, Jacques"]
[Black "De Kruif, Kees"]
[Result "1/2-1/2"]
[WhiteElo "1785"]
[BlackElo "2054"]
[PlyCount "39"]
[EventDate "2005.10.16"]

1. e4 c5 2. d4 cxd4 3. c3 dxc3 4. Nxc3 Nc6 5. Nf3 g6 6. Bc4 Bg7 7. O-O d6 8.
Qe2 Nf6 9. e5 Nxe5 10. Nxe5 dxe5 11. Qxe5 O-O 12. Rd1 Ng4 13. Qe2 Qc7 14. g3
Bxc3 15. bxc3 Ne5 16. Bf4 Qxc4 17. Qxe5 Qe6 18. Qd4 Qh3 19. Qe4 Qe6 20. Qd4
1/2-1/2

[Event "Guernsey Open"]
[Site "GCI"]
[Date "2005.10.16"]
[Round "1"]
[White "Kemp, Paul M"]
[Black "Van Hoek, Wim"]
[Result "1/2-1/2"]
[WhiteElo "2051"]
[BlackElo "1782"]
[PlyCount "82"]
[EventDate "2005.10.16"]

1. d4 f5 2. Nf3 Nf6 3. Bg5 e6 4. Nbd2 d5 5. e3 Be7 6. Ne5 O-O 7. Bxf6 Bxf6 8.
f4 Nd7 9. Ndf3 Nxe5 10. Nxe5 Bd7 11. Bd3 Be8 12. c3 Qe7 13. Qe2 Bxe5 14. fxe5
Qh4+ 15. g3 Qg5 16. O-O Bh5 17. Qf2 Bg4 18. c4 c6 19. h4 Qh5 20. Rac1 Rfc8 21.
Kg2 h6 22. Rc2 g5 23. Rh1 Qg6 24. a3 Kg7 25. Kh2 Qh5 26. Rf1 Qg6 27. Rfc1 Qe8
28. Kg2 Qd7 29. Rc3 a6 30. b4 b5 31. cxd5 exd5 32. Qc2 gxh4 33. Rxc6 Qxc6 34.
Qxc6 Rxc6 35. Rxc6 h3+ 36. Kh2 h5 37. Bf1 a5 38. Bxh3 axb4 39. Bxg4 bxa3 40.
Bxf5 a2 41. Rg6+ Kh8 1/2-1/2

[Event "Guernsey Open"]
[Site "GCI"]
[Date "2005.10.16"]
[Round "1"]
[White "Finch, Russell"]
[Black "Dennis, Nigel W"]
[Result "0-1"]
[WhiteElo "1650"]
[BlackElo "2050"]
[PlyCount "90"]
[EventDate "2005.10.16"]

1. d4 Nf6 2. Nf3 g6 3. Bg5 Bg7 4. e3 O-O 5. Nbd2 d6 6. Be2 Nbd7 7. O-O c5 8. c3
a6 9. a4 b6 10. b4 cxb4 11. cxb4 Bb7 12. Qb3 Ne4 13. Nxe4 Bxe4 14. Nd2 Bb7 15.
Rfc1 Nf6 16. Bf3 Bxf3 17. Nxf3 Ne4 18. Bh4 Bf6 19. Bxf6 Nxf6 20. Rc6 Rc8 21.
Rac1 Qd7 22. b5 axb5 23. axb5 Rxc6 24. Rxc6 Qa7 25. Qc3 Ne4 26. Qc1 Qa5 27. Qb2
Ra8 28. g3 Qa1+ 29. Qxa1 Rxa1+ 30. Kg2 Ra2 31. Nh4 Rxf2+ 32. Kg1 g5 33. Ng2 Rb2
34. Rxb6 Rb1+ 35. Ne1 Rxe1+ 36. Kg2 Rxe3 37. Rb8+ Kg7 38. b6 Rb3 39. b7 Nd2 40.
Kf2 Nc4 41. Rc8 Rxb7 42. Rxc4 Rb2+ 43. Kg1 Kf6 44. g4 Rd2 45. h3 Ke6 0-1